00519nam a2200157 a 450000100100000000500170001000800410002702000150006804000250008308200160010810000230012424501320014726000360027930000210031570000250033600001865120200929165833.0100512s1989 ag r 000 0 spa d z9879918679 aDO-SdBNPbspacBNPHU axxxxbL283a1 aLangley, Lester D.10aAmérica y las américas :blos Estados Unidos en el hemisferio occidental /cLester D. Langley ; traducción María Cillo. aBuenos Aires :bDevenir,c1989. a368 p. ;c20 cm.1 aCillo, María,etr.